|
|
|
|
| LEADER |
00000nab#a22000007a#4500 |
| 001 |
arbauad037326 |
| 003 |
AR-BaUAD |
| 005 |
20250711112933.0 |
| 008 |
990618|||||||||###||||||b###|0###a|spa|| |
| 040 |
|
|
|a AR-BaUAD
|c AR-BaUAD
|b spa
|
| 100 |
|
|
|a Cisco, Agostino
|
| 245 |
|
|
|a Alltag mit einem augenzwinkern /
|c Agostino Cisco;
|
| 300 |
0 |
|
|b il.
|
| 500 |
|
|
|a Artículo sobre el uso de la ironía en la ilustración como forma de comunicación.
|
| 653 |
|
|
|a ILUSTRACION
|
| 653 |
|
|
|a HUMOR GRAFICO
|
| 653 |
|
|
|a ILUSTRACIONES
|
| 653 |
|
|
|a COMUNICACION
|
| 653 |
|
|
|a DISEÑO EDITORIAL
|
| 653 |
|
|
|a REVISTAS
|
| 773 |
0 |
|
|t NOVUM
|g [jun. 1999], p. 24-29
|
| 942 |
|
|
|c ARTI
|
| 952 |
|
|
|0 0
|1 0
|4 0
|7 0
|9 82245
|a AR-BAuAD
|b AR-BAuAD
|d 2025-07-11
|l 0
|p AAQA037326
|r 2025-07-11 11:29:33
|w 2025-07-11
|y ARTI
|
| 990 |
|
|
|a DG199
|b TD
|
| 998 |
|
|
|a AAQ
|b BIBUN76
|
| 999 |
|
|
|c 61918
|d 61918
|